This mark and brand book of Osage County /

Bibliographic Details
Main Author: Kendall, J. F.
Format: Book
Language:English
Published: Pawhuska, Okla. : [J.F. Kendall], 1941.
Edition:[Second edition]
Subjects:

MARC

Tag First Indicator Second Indicator Subfields
LEADER 00000nam a2200000 i 4500
001 in00004728721
008 230712s1941 okua g l001 0 eng d
005 20230714153404.5
035 |a (OCoLC)on1390160241 
040 |a TXA  |b eng  |e rda  |c TXA 
035 |a (OCoLC)1390160241 
043 |a n-us-ok 
050 4 |a F702.O7  |b K4 1941 
050 4 |a SF103.4.O5  |b K4 1941 
100 1 |a Kendall, J. F. 
245 1 0 |a This mark and brand book of Osage County /  |c was prepared and compiled by J.F. Kendall, County Clerk of Osage County, Pawhuska, Okla. 
246 1 4 |a Registered marks and brands of Osage County, Okla 
250 |a [Second edition] 
264 1 |a Pawhuska, Okla. :  |b [J.F. Kendall],  |c 1941. 
300 |a 24 unnumbered pages :  |b illustrations ;  |c 23 cm 
336 |a text  |b txt  |2 rdacontent 
337 |a unmediated  |b n  |2 rdamedia 
338 |a volume  |b nc  |2 rdacarrier 
500 |a "June 15, 1941." 
500 |a Previously published in 1940. 
500 |a Includes index; page numbers refer to table of brands. 
500 |a Final leaf blank. 
650 0 |a Cattle brands  |z Oklahoma  |z Osage County. 
650 0 |a Livestock brands  |z Oklahoma  |z Osage County. 
651 0 |a Osage County (Okla.) 
650 6 |a Bovins  |0 (CaQQLa)201-0094971  |x Marques  |0 (CaQQLa)201-0094971  |z Oklahoma  |0 (CaQQLa)201-0469797  |z Osage (Comté)  |0 (CaQQLa)201-0469797 
650 6 |a Bétail  |0 (CaQQLa)201-0006769  |x Marques  |0 (CaQQLa)201-0006769  |z Oklahoma  |0 (CaQQLa)201-0469797  |z Osage (Comté)  |0 (CaQQLa)201-0469797 
650 7 |a Cattle brands.  |2 fast  |0 (OCoLC)fst00849704 
650 7 |a Livestock brands.  |2 fast  |0 (OCoLC)fst01000873 
651 7 |a Oklahoma  |z Osage County.  |2 fast  |0 (OCoLC)fst01208067 
655 7 |a Tables (Data)  |2 lcgft 
655 7 |a Blank forms.  |2 lcgft 
994 |a Z0  |b TXA 
948 |h HELD BY TXA - 0 OTHER HOLDINGS 
999 f f |s c7f27d64-b18f-469b-8593-6d5e0ea479cb  |i 318c540f-8ded-48dd-9f01-cf920e60bc4c  |t 0 
952 f f |p noncirc  |a Texas A&M University  |b College Station  |c Cushing Memorial Library & Archives  |d Cushing: Dykes (Does not check out)  |t 0  |e SF103.4.O5 K4 1941  |f Vertical File  |h Library of Congress classification  |i unmediated -- volume  |m A1485306692B 
998 f f |a SF103.4.O5 K4 1941  |t 0  |l Cushing: Dykes (Does not check out)